| 000 | 00611cam a2200145 4500500 | ||
|---|---|---|---|
| 005 | 20251228073711.0 | ||
| 041 | _afre | ||
| 042 | _adc | ||
| 100 | 1 | 0 |
_aLe Dinahet, Marie-Thérèse _eauthor |
| 245 | 0 | 0 | _aSchweyer Anne-Valérie, Les Lyciens et la mort, une étude d’histoire sociale (Varia Anatolica, XIV), Paris, De Boccard, 2002, 1 vol. 22,5 × 28, 318 p., 49 pl. h. t. |
| 260 | _c2005. | ||
| 500 | _a9 | ||
| 786 | 0 | _nRevue archéologique | 40 | 2 | 2005-09-01 | p. 365zg-437zg | 0035-0737 | |
| 856 | 4 | 1 | _uhttps://shs.cairn.info/revue-archeologique-2005-2-page-365zg?lang=fr&redirect-ssocas=7080 |
| 999 |
_c1595735 _d1595735 |
||